Word Ladder: European Capitals Quiz Stats

 Plays Quiz Updated Jun 1, 2015

Challenge
Share
Tweet
Embed
Score 0/20 Timer 02:00
0 Plays Today
Hint 4-Letter Word % Correct
The son of Homer and MargeBART
97.5%
Ernie's muppet roommateBERT
95.6%
UnclothedBARE
94.9%
10 centsDIME
93.9%
Intense angerRAGE
93.2%
Capital of ItalyROME
92.9%
Tend forCARE
92.8%
A barred animal enclosureCAGE
92.5%
Capital of SwitzerlandBERN
92.5%
___ of passageRITE
91.8%
Hint 4-Letter Word % Correct
Eat a mealDINE
91.6%
A queue, in the USLINE
89.6%
Ora, Hayworth, or Skeeter, e.g.RITA
87.9%
Having only a few caloriesLITE
87.8%
Dench, Mirren, or Edna, e.g.DAME
86.5%
Moist or dankDAMP
80.7%
Capital of LatviaRIGA
80.4%
Inclined planeRAMP
78.9%
Run or play energeticallyROMP
77.2%
A melodic tune of Indian musicRAGA
75.1%

Today's Daily Dose

You're not logged in!

Compare scores with friends on all Sporcle quizzes.
Join for Free
OR
Log In

You Might Also Like...

Show Comments

Extras

Top Quizzes Today


Score Distribution

Your Account Isn't Verified!

In order to create a playlist on Sporcle, you need to verify the email address you used during registration. Go to your Sporcle Settings to finish the process.

Report this User

Report this user for behavior that violates our Community Guidelines.

Details: